00438 a2200145 4500010001400000020002300014035001300037037001800050082000800068100001500076245004500091260004100136270009100177300002400268 aENG-85567 c125.00a8188339105 aEN-69100 bD.B.Act / Pub14a1001 aAnil Kumar1 aThe nine mantras of excelcby Anil Kumar aNew DelhibKrantz Publicationsc2003 aC-18, South Extension Part IIbNew Delhie110 049k91-11-51640742manilkrantz@vsnl.com a95 p.c22 cm (Pbk.)